Les meilleurs buteurs de l'histoire du Séville FC - Statistiques

Statistiques générales
  • Ce quiz a été pris 18 fois
  • Le résultat moyen est 3 sur 10
Statistiques - réponses
Buts Nationalité Joueur % Correct
70 France Wissam Ben Yedder
76%
135 France / Mali Frédéric Kanouté
65%
66 France Kévin Gameiro
53%
66 Maroc Youssef En-Nesyri
47%
85 Espagne Álvaro Negredo
29%
82 Croatie Davor Suker
24%
103 Brésil Luís Fabiano
24%
103 Espagne Guillermo Campanal
0%
73 Espagne Juan Araujo
0%
83 Espagne Juan Arza
0%
Aucun quiz correspondant
Distribution des résultats
% des personnes avec chaque résultat
Percentile par nombre de réponses
Votre historique - résultats
Vous n’avez pas pris ce quiz